| 000 | 00386nam a2200145Ia 4500 | ||
|---|---|---|---|
| 008 | 151213s9999 xx 000 0 und d | ||
| 100 | _aJueles Verne | ||
| 245 |
_aA Journey of the Center of the Earth _cJueles Verne |
||
| 260 |
_aNew York _bBaronet Books |
||
| 300 | _a3125 p. | ||
| 650 | _aEnglish Literature | ||
| 650 | _aEnglish Literature | ||
| 700 | _aJueles Verne | ||
| 999 |
_c2150 _d2150 |
||